| 000 | 00536nam a2200193Ia 4500 | ||
|---|---|---|---|
| 005 | 20250326141724.0 | ||
| 008 | 250326s9999 xx 000 0 und d | ||
| 020 | _a81-7100-238-2 | ||
| 037 | _aTextbook | ||
| 040 |
_aFMSL _beng _cFMSL |
||
| 041 |
_aeng _2eng |
||
| 084 |
_aX.1 N0 _qFMSL |
||
| 100 |
_aThakur Davendra _9744955 |
||
| 245 | 0 |
_aRecession trend and world economy _cThakur Davendra |
|
| 260 |
_aNew Delhi _bNew Delhi, Deep & Deep _c1990 |
||
| 300 | _a629p | ||
| 942 |
_cTB _hX.1 N0 |
||
| 999 |
_c1291656 _d1291656 |
||